000 00703na a2200253 4500
001 24462
003 MIRAKIL
005 20181226104234.0
008 181114b tu 000 0
020 _a9757055298
035 _a14213
041 _atur
082 _a920.056
_bV24b 2010
090 _a920.056 V24b 2010
100 _aVakkasoğlu, Vehbi
245 _aBu vatanı terk edenler
_cVehbi Vakkasoğlu
250 _a29.bs.
260 _aİstanbul
_bNesil yayın
_c2010
300 _a239 s.
_c20 sm.
650 _aSürgün edilen aydınlar
_xYaşamöyküsü
_zTürkiye
650 _aTürk aydınları
_xSiyasal ve sosyal görüşler
942 _2ddc
_cBKS
040 _aMilas
_btur
_cTR-AnCHP
999 _c11801
_d11801